00405nam a2200109Ia 4500008004000000082001900040100002700059245011700086260007500203300001100278440000600289210210b1967 xxu||||| |||| 00| 0 eng d a303.40262 INDR aINDIA (Government of). aRegional variations in social development and levels of living- a study of the impact of plan programmes. Vol 1. aDelhi.bP E Organisation Publications Commission Govt of India.,c1967 aii,154 a1